Statistical modeling for management / (Record no. 97378)

MARC details
000 -LEADER
fixed length control field 00924cam a2200265 a 4500
003 - CONTROL NUMBER IDENTIFIER
control field OSt
005 - DATE AND TIME OF LATEST TRANSACTION
control field 20240222145804.0
008 - FIXED-LENGTH DATA ELEMENTS--GENERAL INFORMATION
fixed length control field
020 ## - INTERNATIONAL STANDARD BOOK NUMBER
International Standard Book Number 9780761970125 (paperback)
040 ## - CATALOGING SOURCE
Transcribing agency NUST
Original cataloging agency NUST
Language of cataloging eng
Modifying agency NUST
Description conventions rda
050 ## - LIBRARY OF CONGRESS CALL NUMBER
Classification number HF5415 HUT
100 1# - MAIN ENTRY--PERSONAL NAME
Personal name Hutcheson, Graeme.
Relator term Author
245 10 - TITLE STATEMENT
Title Statistical modeling for management /
Statement of responsibility, etc. Graeme D. Hutcheson and Luiz Moutinho.
260 ## - PUBLICATION, DISTRIBUTION, ETC.
Place of publication, distribution, etc. Los Angeles :
Name of publisher, distributor, etc. SAGE Publications,
Date of publication, distribution, etc. 2008.
300 ## - PHYSICAL DESCRIPTION
Extent xviii, 235 pages :
Other physical details illustrations ;
Dimensions 24 cm.
336 ## - CONTENT TYPE
Source rdacontent
Content type term text
Content type code txt
337 ## - MEDIA TYPE
Source rdamedia
Media type term unmediated
Media type code n
338 ## - CARRIER TYPE
Source rdacarrier
Carrier type term volume
Carrier type code nc
504 ## - BIBLIOGRAPHY, ETC. NOTE
Bibliography, etc. note Includes bibliographical references and index.
650 #0 - SUBJECT ADDED ENTRY--TOPICAL TERM
Topical term or geographic name entry element Marketing
General subdivision Mathematical models.
650 #0 - SUBJECT ADDED ENTRY--TOPICAL TERM
Topical term or geographic name entry element Marketing
General subdivision Statistical methods.
700 1# - ADDED ENTRY--PERSONAL NAME
Personal name Moutinho, Luiz.
Relator term Author
907 ## - LOCAL DATA ELEMENT G, LDG (RLIN)
c 9-06-10
942 ## - ADDED ENTRY ELEMENTS (KOHA)
Koha item type Ordinary Loan Books
Call number prefix HF
Call number suffix HUT
Source of classification or shelving scheme Library of Congress Classification
Classification part HF5415 HUT
Suppress in OPAC No
Holdings
Withdrawn status Lost status Source of classification or shelving scheme Damaged status Not for loan Collection Home library Current library Shelving location Date acquired Cost, normal purchase price Total Checkouts Full call number Barcode Date last seen Accession number Cost, replacement price Price effective from Koha item type
    LCC     NFIC MAIN MAIN GEN 01/20/2023 75.00   HF5415 HUT 92004013525 01/20/2023 36228 75.00 01/20/2023 BOOKS
    LCC     NFIC MAIN MAIN GEN 01/23/2023 75.00   HF5415 HUT 92004013499 01/23/2023 36301 75.00 01/23/2023 BOOKS